8051 utilities : BL51 code banking linker/locator LIB51 library manager OC51 banked object file converter user guide 04.95 (Record no. 183527)

MARC details
000 -LEADER
fixed length control field 00537nam a2200145Ia 4500
008 - FIXED-LENGTH DATA ELEMENTS--GENERAL INFORMATION
fixed length control field 231217s9999 xx 000 0 und d
041 ## - LANGUAGE CODE
Language code of text/sound track or separate title English
082 ## - DEWEY DECIMAL CLASSIFICATION NUMBER
Classification number 001.6424 KEI2;1 R
100 ## - MAIN ENTRY--PERSONAL NAME
Personal name Keil Software.
245 #0 - TITLE STATEMENT
Title 8051 utilities : BL51 code banking linker/locator LIB51 library manager OC51 banked object file converter user guide 04.95
260 ## - PUBLICATION, DISTRIBUTION, ETC.
Date of publication, distribution, etc. 1995
Name of publisher, distributor, etc. Keil Software
Place of publication, distribution, etc. Texas
300 ## - PHYSICAL DESCRIPTION
Extent viii+164
650 ## - SUBJECT ADDED ENTRY--TOPICAL TERM
Topical term or geographic name entry element 8051,utilities,BL51,code,linker/locator,LIB51,manager,OC51,banked,object,converter,user,04.95
942 ## - ADDED ENTRY ELEMENTS (KOHA)
Koha item type Books
Holdings
Date last seen Total checkouts Full call number Accession number Uniform resource identifier Price effective from Category Lost status Damaged status Department Withdrawn status Home library Current library Shelving location Entry date Vendor Grants Billdate Currency symbol Conversion rate Discount Old discount
26/01/2024   001.6424 KEI2;1 R 54879 digital/contents/54879.pdf 26/01/2024 Books     Central Library   Central Library Central Library Central Library 22/07/2009 Publisher DONATED 26/01/2013 RS 1    

© For any Suggestions or Query, please contact the library staff @ librarian@pes.edu or Phone: +9180 2672 1983/ 2108.